000 00869cam a22002893a 4500
001 20741
003 PGUSA
005 20140828083436.0
008 070304s2007||||xxu|||||s|||||000 1 eng d
040 _aPGUSA
_beng
042 _adc
050 4 _aPZ
100 1 _aElwes, Alfred,
_d-1888
245 1 4 _aThe Adventures of a Dog, and a Good Dog Too
_h[electronic resource] /
_cAlfred Elwes
260 _bProject Gutenberg,
_c2007
506 _aPublic domain in the USA.
516 _aElectronic text
653 _aCourage -- Juvenile fiction
653 _aWit and humor, Juvenile
653 _aHonesty -- Juvenile fiction
653 _aDogs -- Juvenile fiction
653 _aAnimal welfare -- Juvenile fiction
700 1 _aWeir, Harrison,
_d1824-1906
830 0 _aProject Gutenberg
_v20741
856 4 0 _uhttp://www.gutenberg.org/ebooks/20741
942 _cEB
999 _c249996
_d249996